000 00692 a2200205 4500
999 _c2873
_d2873
020 _a9781848601055 (cased)
020 _a9781848601062 (pbk.)
050 0 0 _aLB 1131 DOW 2010
100 1 _aDowling, Marion
245 1 0 _aYoung children's personal, social and emotional development /
_cMarion Dowling
250 _a3rd ed.
264 _aLondon:
_bSage Publications Ltd,
_c2010
300 _axi, 227p. :
_bill.
500 _aIncludes bibliographical references and index.
504 _aIncludes bibliographical references and index.
650 0 _aChild development.
650 0 _aChild psychology.
942 _2lcc
_cBK
_e3rd ed.
_h1131
_iDOW
_kLB